[Event "ARM-ch"]
[Site "Yerevan"]
[Date "2005.05.08"]
[Round "9"]
[White "Chibukhchian, Artur"]
[Black "Sargissian, Gabriel"]
[Result "0-1"]
[WhiteElo "2406"]
[BlackElo "2630"]
[Annotator "Lukacs,P"]
[PlyCount "70"]
[EventDate "2005.04.29"]
[EventType "tourn"]
[EventRounds "11"]
[EventCountry "ARM"]
[EventCategory "11"]
[SourceTitle "CBM 107"]
[Source "ChessBase"]
[SourceDate "2005.08.01"]
[SourceVersion "1"]
[SourceVersionDate "2005.08.01"]
[SourceQuality "1"]

1. e4 e5 2. Bc4 Nf6 3. d3 Nc6 4. Nf3 Bc5 5. c3 d6 6. O-O O-O 7. Nbd2 a6 8. Bb3
h6 9. h3 Ba7 10. Re1 Nh5 11. Nf1 Qf6 12. Ne3 (12. Be3 Nf4 {- Kramnik-Radjabov,
Linares 2004 CBM 100}) 12... Nf4 13. Ng4 (13. Kh2 {/\ Ng1, g3 seems to be
rather slow to drive back the active f4 N.} Ne7 (13... Kh8 $5 14. Ng4 (14. Ng1
$5) 14... Qg6 15. Bxf4 exf4 16. Kg1 {doesn't seem to be a logical K manoeuvre!}
Bxg4 17. hxg4 Ne5 (17... Qxg4 18. d4) 18. Nh2 c5 19. Bd5 Rab8 20. a4 Bb6 21. a5
Bd8 22. d4 cxd4 23. cxd4 Nc6 24. Qd2 Bf6 25. Ra4 Qg5 $13 {Bauer-Korneev, Open
Metz FRA 1998}) (13... Be6 14. Ng1 (14. Ng4 Qg6 15. Bxf4 exf4) 14... Ne7 {
- 13...Ne7}) 14. Ng1 {is at least consistant.} (14. d4 Re8 $15 {This is more
flexible than the alternative} (14... Neg6 {although after} 15. Nd5 Nxd5 16.
Bxd5 c6 17. Bb3 Re8 $15 {still puts pressure on White's [+].})) 14... Be6 $1 {
with simple developing moves Black gets a fine position.} (14... Qg6 15. g3 Ne6
{is not so harmonious as the game continuation.} 16. Nf3 Nc5 (16... f5 $2 17.
Nh4 Qf6 18. exf5) 17. Bc2 f5 18. exf5 $13) 15. g3 (15. Bxe6 Qxe6 $15 (15...
fxe6 {however fails on concrete tactical motifs after} 16. g3 Nfg6 17. Ng4 Qf7
18. Bxh6 $1 Bxf2 19. Rf1 Bxg1+ 20. Rxg1 Qf3 21. Be3 $14)) 15... Bxb3 $1 {
Black again choses the strong and simple way.} (15... Nfg6 16. Qf3 $1 (16. Rf1
Bxb3 17. Qxb3 Qe6 $15) 16... Qxf3 17. Nxf3 Bxb3 18. axb3 f5 19. Kg2 fxe4 (19...
f4 $15) 20. dxe4 Rf7 $15) 16. axb3 Nfg6 17. Rf1 (17. Kg2 Qe6 18. b4 f5 $15 {
Magem-Badals-Izeta Txabarri, ESP-ch 1999}) 17... Qe6 18. Ne2 (18. f4 $6 {
White hasn't finished the development yet, and has no advantage in the [+].
The opening of the position helps only for the better developed black pieces.}
exf4 $1 19. gxf4 f5 $1 $17 {Mahjoob-Gyimesi, Yerevan 2001 CBM 086}) 18... f5
$15) (13. Nd5 Nxd5 14. Bxd5 Qg6 {- Hamdouchi-Tkachiev, Cap d'Agde-A 2000 CBM 80
}) 13... Qg6 14. Bxf4 exf4 (14... Bxg4 15. hxg4 exf4 16. d4 {- 14...exf4}) 15.
Nh4 $6 (15. d4 $142 Bxg4 16. hxg4 Qxg4 (16... Rad8 {looks rather useless.} 17.
Bd5 Ne7 18. Bxb7 a5 19. Qe2 Qxg4 {Black gets back the P, but his position
looks ugly.} 20. Qa6 Bb6 21. b4 axb4 22. cxb4 Ng6 23. a4 Nh4 24. Nxh4 Qxh4 25.
Qd3 f3 26. Qxf3 Bxd4 27. Rac1 $16 {Wang Yu-Vijayalakshmi, Asian ch 2001}) 17.
Qd3 (17. e5 dxe5 $142 (17... Rae8 18. exd6 cxd6 19. Qd3 g6 20. Bd5 $14 {
Kapnisis-Mastrovasilis, Kavala op 2003}) 18. Nxe5 Nxe5 19. Rxe5 Qxd1+ 20. Rxd1
Rfe8 $11) 17... Rae8 (17... Rfe8 18. a4 a5 19. Bd5 Bb6 20. Qc4 Qd7 21. Qb3 g6
22. Rad1 Kg7 23. e5 {(Bosboom-Sharif, EU Cup Volmac-Lyon 1991)} dxe5 24. dxe5
Rad8 25. e6 fxe6 26. Bxe6 Qxd1 27. Rxd1 Rxd1+ 28. Qxd1 Rxe6 $11) (17... g6 $5
18. Bd5 Nd8 19. Nh2 $5 $44 (19. e5 c6 20. Bb3 d5)) 18. Bd5 Nd8 $1 19. Bxb7 {
White wins material, but Black has serious counterchances on the >>.} Nxb7 20.
Qxa6 {(Bosboom-Lacrosse, Ostende op 1992)} Re6 $1 21. Nh2 Qg5 22. Nf3 (22. Qxa7
$2 Rg6 $19) (22. Qxb7 Rg6 23. e5 c6 24. Qxc6 dxe5 25. Qf3 exd4 $13) 22... Qg4
$11 {with repetition of moves.}) 15... Qg5 16. Nf3 (16. Nf5 h5 17. Nh2 g6 18.
Nf3 Qf6 19. N5h4 Re8 (19... Na5 20. Bc2 c5 $13) 20. d4 {White finally gets the
upper hand in the [+], but the N on h4 is very bad.} g5 21. Nf5 Bxf5 22. exf5
Qxf5 23. Bc2 Qf6 24. Qd3 Qg7 25. Qf5 $44 {(Odeev-Landa, URS-qual U20 1989)} f6
$5) 16... Bxg4 (16... Qg6 {is only a repetition of moves.}) 17. hxg4 Qxg4 18.
d4 {White has again a fine compensation for the P because of his strong [+],
and the passive B on a7, but why to lose a tempo in comparision to 15.d4?} Rae8
(18... Ne7 19. e5 d5 20. Qd2 Rad8 21. Nh2 Qg5 22. Nf3 Qg4 23. Nh2 {1/2:1/2
Zhang Pengxiang-Peng Xiaomin, Asian Championships 2001}) 19. Qd3 Re7 $6 (19...
g6 20. Bd5 Nd8 {is again met by the aforementioned blow} 21. Bxb7 $1 $16) (
19... Ne7 20. Bc2 g6 $13 {gave the best practical chances.}) 20. Re2 {/\ Rae1}
Rfe8 21. Rae1 Nd8 (21... Na5 22. Bc2 Re6 $1 {/\ Rg6} 23. Nh2 $1 (23. b4 {allows
} Rg6) 23... Qh5 24. e5 g6 25. b4 Nc6 26. Bb3 R6e7 27. Bd5 dxe5 28. Bxc6 bxc6
29. Nf3 $14 {and the black B is still entombbed.}) 22. e5 {There is a
significant difference between the two bishops to White`s favour.} Qd7 (22...
Ne6 23. Bd5 $14) 23. Nh4 $1 {White wants to keep the tension.} (23. exd6 {
leads to the exchange of the rooks.} Qxd6 24. Rxe7 Rxe7 25. Rxe7 Qxe7 26. Qf5
$14 {and White wins back the P with a better _|_.}) 23... d5 24. Nf5 Ne6 (24...
Re6 25. Qf3 $1 c6 26. Qg4 $16) 25. Qf3 c6 26. Bc2 g6 $5 {[#]} 27. Nxh6+ $4 {
White overestimates his attacking chances on the >>.} ({Grabbing the exchange
by} 27. Nxe7+ Qxe7 28. Qh3 $18 {was easy and effective.}) 27... Kg7 28. Ng4 Rh8
{Suddenly it becomes clear that it is Black who is attacking!} 29. Nf6 Qc8 {
Black has a lethal threat of doubling on the h file.} 30. Qg4 Rh6 31. Rd2 Qh8
32. Kf1 Rh4 33. Qf3 Ng5 34. Qd1 f3 $1 35. gxf3 Ne6 0-1

[Event "EU-chT (Men) 18th"]
[Site "Porto Carras"]
[Date "2011.11.05"]
[Round "3.4"]
[White "Macieja, Bartlomiej"]
[Black "Georgiev, Kiril"]
[Result "1/2-1/2"]
[WhiteElo "2616"]
[BlackElo "2666"]
[Annotator "Macieja,B"]
[PlyCount "105"]
[EventDate "2011.11.03"]
[EventType "team-swiss"]
[EventRounds "9"]
[EventCountry "GRE"]
[SourceTitle "CBM 146"]
[Source "ChessBase"]
[SourceDate "2012.01.18"]
[SourceVersion "1"]
[SourceVersionDate "2012.01.18"]
[SourceQuality "1"]
[WhiteTeam "Poland"]
[BlackTeam "Bulgaria"]
[WhiteTeamCountry "POL"]
[BlackTeamCountry "BUL"]

1. e4 e5 2. Nf3 Nc6 3. Bc4 Bc5 4. c3 Nf6 5. d3 {I have played this system in
dozens of games, however recently without visible opening success.} O-O 6. Bg5
{I decided to try Tiviakov's idea, as in my game against Fressinet played 9
months earlier, after} (6. b4 Be7 7. O-O d5 8. exd5 Nxd5 9. b5 Na5 10. Bxd5
Qxd5 11. c4 Qd7 12. Bd2 e4 13. Bxa5 exf3 14. Qxf3 a6 15. Bc3 axb5 16. cxb5 Qxb5
17. Qg3 Qg5 18. Qxc7 Ra6 {I got into serious troubles.}) 6... h6 7. Bh4 Be7 8.
Nbd2 d6 9. Bg3 {White tries to avoid an exchange of dark-squared bishops.} Na5
$1 {This solves the opening problems of Black instantly.} (9... Nh5 $2 10. Nxe5
Nxg3 (10... Nxe5 11. Bxe5 dxe5 12. Qxh5 $16) 11. Nxc6 bxc6 12. hxg3 d5 13. Bb3
Ba6 14. Qf3 $16) 10. Bb5 Nh5 11. d4 $6 ({White didn't understand in time that
he couldn't play for an advantage anymore. The correct move was} 11. O-O Nxg3
12. hxg3 $11) 11... Nxg3 12. hxg3 exd4 13. cxd4 $6 {Another dubious decision.}
({Still it was not too late to equalise with} 13. Nxd4 c5 14. N4b3 (14. Nc2 $2
Qb6) 14... a6 15. Be2 $11) 13... d5 $6 (13... c5 {was stronger, threatening ...
Qb6 and starting a fight for the domination over the black squares.}) 14. e5 $6
({Too optimistic. After} 14. O-O {White wouldn't have problems to equalise.})
14... Bf5 $6 (14... c5 15. dxc5 Bxc5 16. O-O {is preferable for Black.}) 15.
Rc1 $6 {White develops the rook and fights against c5, however the presence of
both rooks on the c-file is in favour of Black, as it secures additional
tactical possibilities.} ({The correct way to stop c5 is} 15. a3 $1) 15... Rc8
$1 16. Nh4 {White tries to obtain counterplay.} ({It is already too late for} 
16. a3 $6 c5 $1 17. dxc5 Bxc5 18. b4 Bxf2+ $1 19. Kxf2 Qb6+ 20. Ke1 Rxc1 21.
Qxc1 Rc8 22. Qd1 Qxb5 23. bxa5 (23. Nd4 $2 Qd3 24. Nxf5 Qxf5 25. bxa5 Rc2 $1
$19) 23... Rc3 $1 24. Nd4 Qc5 $1 25. N2b3 (25. Nxf5 Rc1 $17) 25... Rxb3 $1 26.
Nxb3 Qe3+ 27. Qe2 Qxb3 28. Kf2 Qxa3 $17) 16... Bh7 17. Qg4 c6 18. Be2 Bb4 $1
19. Nf5 ({A more solid, but passive, move is} 19. Rd1 Nc4 20. Bxc4 dxc4 21. a3
Bxd2+ 22. Rxd2 $15) 19... Bxf5 20. Qxf5 Nc4 21. Bxc4 dxc4 22. Rxc4 c5 $1 {
Much stronger than} (22... Qa5 23. Qd3) 23. a3 {There is nothing better.} Bxd2+
24. Kxd2 Qd5 (24... b5 $6 25. Rc2 Qxd4+ 26. Kc1 {gives White good chances to
survive.}) 25. Rhc1 b5 26. R4c2 f6 $1 {Black does not need to hurry to recover
a pawn.} (26... Qxd4+ 27. Ke1 Rfe8 28. Re2 $15) 27. f3 $2 ({A better chance was
} 27. Re1 $1 fxe5 28. Qxe5 Rxf2+ 29. Kd1 Rf5 30. Qxd5+ Rxd5 31. Re4 Rcd8 32.
Ke2 Rxd4 33. Rxd4 cxd4 34. Kd3 $15) 27... Qxd4+ 28. Ke2 Rfe8 ({But not} 28...
fxe5 $2 29. Qe6+ Kh8 30. Rd2 Qa4 31. Rd7 $44) 29. e6 Rc6 $2 {Played too fast.}
(29... c4 30. Kf1 Rc5 $17) 30. Kf1 $1 {Now Black cannot win anymore.} Rcxe6 {
This leads to an equal position, however after} (30... Rexe6 31. Rxc5 Re5 32.
Qxe5 fxe5 33. Rxc6 Qxb2 34. R6c3 a5 35. Kg1 $1 {White also holds easily.}) 31.
Qxc5 Qd3+ 32. Kg1 Kh7 $6 (32... a6 {is much more natural.}) 33. g4 $6 ({
White could have taken a pawn} 33. Qxa7 {as after} Re1+ 34. Kh2 Qf1 35. Rxe1
Rxe1 36. g4 {the white king escapes.}) 33... Re5 $6 (33... a6) 34. Qc3 $6 ({
Once again White could have taken a pawn} 34. Qxa7 f5 $1 (34... Re1+ 35. Kh2
Qd6+ 36. Kh3) 35. gxf5 Re1+ 36. Kh2 Qxf5 37. Qc7 $1 Qh5+ 38. Kg3 Qg5+ 39. Kh3 {
and Black would have nothing better than a draw, as after} R8e5 40. Rxe1 Rxe1 {
White would have had} 41. g4) 34... Qg6 35. Rd2 {Sufficient.} h5 36. gxh5 Qg3
$5 ({After} 36... Rxh5 37. Qc2 f5 {White draws by playing} 38. g4 $1) 37. Rf2
$2 ({White had to include a check first} 37. Qd3+ Kg8 38. Rf2 Rxh5 39. Re2 Qh2+
40. Kf2 Qh4+ 41. Kf1 Qh1+ 42. Kf2 Rxe2+ 43. Qxe2 $11) 37... Rxh5 38. Qd3+ $2 {
This loses immediately.} (38. Rfc2 f5 {was more stubborn, although in the long
term White would not be able to defend.}) 38... Kh6 $4 {This mistake can be
explained only by time trouble.} (38... f5 39. Rff1 Re6 $19) 39. Rff1 Qh2+ ({
Now after} 39... f5 {White defends thanks to a trick} 40. Rce1 $1) 40. Kf2 Rg5
41. Rg1 Ree5 42. Qd2 $1 Rd5 {This draws immediately.} ({Perhaps Black should
have tried} 42... Kh7) 43. Qe3 Qg3+ 44. Kf1 Qe5 45. Qxe5 Rgxe5 46. Rc2 $1 Rd1+
47. Kf2 Rxg1 48. Kxg1 Re3 {The ending is drawn, however if Black places his
rook on b3 he can still push for more. For this reason it is very important
for White to look for a forced draw.} 49. Rc7 a5 50. Rc5 Rb3 51. a4 $1 bxa4 52.
Rxa5 Rxb2 53. Rxa4 1/2-1/2

[Event "POL-ch 67th"]
[Site "Warsaw"]
[Date "2010.01.11"]
[Round "3"]
[White "Macieja, Bartlomiej"]
[Black "Rutkowski, Maciej"]
[Result "1-0"]
[WhiteElo "2624"]
[BlackElo "2405"]
[Annotator "Macieja,B"]
[PlyCount "61"]
[EventDate "2010.01.09"]
[EventType "swiss"]
[EventRounds "9"]
[EventCountry "POL"]
[SourceTitle "CBM 134 Extra"]
[Source "ChessBase"]
[SourceDate "2010.03.03"]
[SourceVersion "1"]
[SourceVersionDate "2010.03.03"]
[SourceQuality "1"]

1. e4 e5 2. Nf3 Nc6 3. Bb5 Nf6 4. d3 Bc5 5. c3 d6 {Too solid or ... too
passive. The only correct answer is} (5... O-O {with the possible pawn
sacrifice} 6. Bxc6 bxc6 7. Nxe5 d5 {with compensation.}) 6. d4 $1 {It seems
like White has lost a tempo, but in fact Black is already in serious troubles.}
exd4 (6... Bb6 $2 7. d5 a6 8. Ba4 $18) 7. cxd4 Bb4+ (7... Bb6 $2 8. d5 a6 9.
Ba4 Ba5+ 10. Bd2 Bxd2+ 11. Nbxd2 b5 12. dxc6 bxa4 13. Qxa4 $18) 8. Bd2 ({
It seems that} 8. Kf1 {can be promising, but after} d5 9. e5 Ne4 10. Qa4 a5 $1
11. Bxc6+ (11. a3 Be7 12. Bxc6+ bxc6 13. Qxc6+ Bd7 $5 ({Black doesn't have
problems also after} 13... Qd7 14. Qxd7+ (14. Qxa8 Qb5+ 15. Kg1 (15. Ke1 $4 O-O
$19) 15... Qe2 $1 16. Qxc8+ Bd8 17. h3 Qxf2+ 18. Kh2 Qg3+ $11) 14... Bxd7 $44)
14. Qxd5 Nc5 $3 $146 (14... Ng5 {Paulsen - Rosenthal 1870}) 15. Nc3 c6 16. Qc4
Be6 17. Qe2 Nb3 $44) 11... bxc6 12. Qxc6+ Qd7 $1 (12... Bd7 13. Qxd5 $16) 13.
Qxd7+ (13. Qxa8 Qb5+ 14. Kg1 O-O $44) 13... Bxd7 {it is hardly possible that
White will manage to convert his extra pawn into a full point.}) 8... Bxd2+ 9.
Nbxd2 Bd7 ({During the game I considered} 9... O-O {to be more challenging,
but probably my opponent was not pleased with my possibility of} 10. Bxc6 (10.
O-O Ne7 {gaining a tempo}) 10... bxc6 11. Qc2 {, although after 11...Ba6
things are not so simple.}) 10. O-O O-O ({Perhaps} 10... Ne7 {was more precise.
}) 11. Re1 {The main battle in such structures is for the e4-square. If Black
manages to play ...d5, e5 Ne4, his position significantly improves. If he
fails, the whole position becomes much worse.} Ne7 12. Bf1 $1 {It is well
known that this is a great place for the white bishop. The bishop is not
disturbing other pieces, is not coming under attack (Nf4), it defends its king
and may enter the battle, whenever it is needed.} c6 ({I expected} 12... Ng6
13. h3 Re8 {with clear advantage for White.}) 13. b4 $1 {That's the right plan.
White controls the centre and has already gained some space advantage. The
minority attack will create more problems for Black.} Bg4 $6 {It is difficult
to recommend something concrete instead, but still I don't like this move. It
is true that Black is suffering from a lack of space, and thus exchanges are
helpful, but without the bishop the white squares will become very weak.} 14.
h3 Bxf3 15. Qxf3 a5 {Forcing action. Otherwise White continues his plan,
slowly leaving Black less and less air to breathe.} 16. b5 $1 ({Tempting} 16.
bxa5 Qxa5 17. Nc4 Qc7 18. Nxd6 Qxd6 19. e5 {doesn't work due to} Qd5) 16...
cxb5 17. Bxb5 Qb6 $6 ({The only way to complicate the position was} 17... Nc6
18. d5 ({Obviously} 18. Bxc6 bxc6 19. Rac1 {leads to a small advantage.}) 18...
Nd4 19. Qd3 Nxb5 20. Qxb5 {with an advantage for White.}) 18. e5 $1 Nfd5 (18...
dxe5 19. dxe5 Nfd5 20. a4 $16) 19. a4 $1 {The simplest.} dxe5 20. dxe5 {
White has a clear advantage due to his better pawn structure and the strong
bishop.} Nc7 21. Bc4 ({Probably} 21. Bd3 $5 {with multiple threats was more
precise. I wanted my bishop to put pressure along the important a2-g8 diagonal.
}) 21... Nc6 22. Qe4 {As the black knight has been moved far from his king,
White starts regrouping his pieces, aiming for an attack.} Nb4 $6 {This is an
important tempo. Black was afraid of Bd3 fatally weakening the position around
Black's king. However I believe ...Rad8 was correct.} 23. Nf3 Ne6 (23... Qc6 {
was possible, but every ending is very tough for Black due to the bad pawn
structure and the dominating white bishop.}) 24. Rad1 Rad8 25. Bxe6 fxe6 ({
Probably the last chance was to search for a draw after} 25... Qxe6 {White can
simply win a pawn or continue} 26. Ng5 Qg6 (26... Qh6 27. Nxf7 $1 Kxf7 28. e6+
$18) 27. Qxg6 {with a clear advantage.}) 26. Rd6 $1 {A typical pawn sac, but
always pleasant.} ({White could have played} 26. Rxd8 Rxd8 27. Ng5 g6 28. Qh4
Rd7 {with a clear advantage, but 26.Rd6 is even stronger.}) 26... Rxd6 27. exd6
Qxd6 28. Ng5 Rf5 (28... g6 $2 29. Qxb7 $18) 29. Nxe6 Rd5 $2 ({The only try was
} 29... Qd5 30. Qg4 g6 {although after} (30... Rf7 31. Nxg7 $1 (31. Ng5 Rf8 32.
Re7 $18) 31... Rxg7 32. Qc8+ Kf7 33. Qc7+ Kg6 34. Qg3+ Kh6 35. Qf4+ Rg5 36. g4
Nd3 37. Qf8+ Rg7 38. Re7 $18) 31. Qg3 $1 Na6 $8 32. Qc3 {White would have won
easily, anyway.}) 30. Nf4 Rd2 31. Qc4+ 1-0

[Event "EU-ch 12th"]
[Site "Aix les Bains"]
[Date "2011.03.22"]
[Round "1"]
[White "Bologan, Viktor"]
[Black "Dragomirescu, Robin Alexandru"]
[Result "1-0"]
[WhiteElo "2671"]
[BlackElo "2385"]
[Annotator "Marchand,A/Primel,D"]
[PlyCount "62"]
[EventDate "2011.03.22"]
[EventType "swiss"]
[EventRounds "11"]
[EventCountry "FRA"]
[SourceTitle "CBM 142 Extra"]
[Source "ChessBase"]
[SourceDate "2011.06.27"]
[SourceVersion "1"]
[SourceVersionDate "2011.06.27"]
[SourceQuality "1"]
[TimeControl "40/5400+30:1800+30"]

1. e4 e5 2. Nf3 Nc6 3. Bc4 Bc5 4. O-O (4. b4 Bxb4 5. c3 Bd6 6. d4 Nf6 7. O-O
O-O 8. Re1 h6 9. Nbd2 Re8 10. Qb3 Re7 11. Nh4 {Petrosian,T (2623)-Volokitin,A 
(2671) EU-ch 10th Budva 2009 (6) 0-1} (11. Bd3 b6 12. Nc4 $14 Ba6 13. Nxd6 Bxd3
14. Nf5 {Volokitin})) (4. c3 Nf6 5. d4 exd4 6. e5 d5 7. Be2 Ne4 8. cxd4 Bb4+ 9.
Bd2) 4... Nf6 5. d3 d6 6. c3 {[%cal Gb2b4]} O-O 7. h3 (7. b4 $5 {Peut-être un
peu meilleur car les Blancs gagnent un tempo par rapport а la partie} Bb6 8. a4
{[%cal Ga4a5]} a6 9. Nbd2 Ne7 10. a5 $14 {Short,N (2701)-Zhang Zhong (2658)
Beijing Kings Challenge rapid 2003 (2) 1-0}) (7. Bb3 {La grande ligne}) 7... a6
{[%cal Gc5a7]} 8. Bb3 Ba7 9. Re1 (9. Nbd2 h6 10. Re1 Nh5 11. Nf1 Qf6 {[%csl
Gf4][%cal Gh5f4]}) 9... h6 {[%csl Rg6]} 10. Nbd2 Re8 11. Nf1 Be6 12. Bc2 d5 $5
13. Qe2 ({RR} 13. exd5 Bxd5 14. Ng3 Qd6 15. Qe2 Rad8 16. Ne4 Qe6 17. Nfd2 Nd7
18. Qh5 Ne7 19. Ng3 Qg6 20. Qxg6 Nxg6 21. Ngf1 f5 22. Ne3 Be6 23. Nb3 f4 24.
Nc4 Bd5 25. Ncd2 Nh4 26. Ne4 Re6 27. d4 Rg6 {Bologan,V (2688)-Efimenko,Z (2654)
/Kragujevac 2009/CBM 132 Extra/0-1 (40)}) 13... b5 ({RR} 13... Qd7 14. Ng3 Rad8
15. Bd2 Bc5 16. Rad1 d4 17. Bb1 b5 18. Rc1 dxc3 19. bxc3 Bf8 20. Be3 a5 21. d4
Bc4 22. Qb2 Qe7 23. d5 Nb8 24. Nd2 c6 25. Nxc4 bxc4 26. Nf5 Qa3 27. Qe2 cxd5
28. exd5 {Gelfand,B (2720)-Kramnik,V (2788)/Moscow 2008/CBM 126 Extra/1/2-1/2 
(36)}) 14. N3h2 dxe4 ({RR} 14... d4 15. Ng3 Qd6 16. a3 a5 17. Bd2 Red8 18. Rec1
dxc3 19. bxc3 b4 20. cxb4 axb4 21. Bxb4 Nxb4 22. axb4 Qxb4 23. Nf3 Nd7 24. Rab1
Qa3 25. Nf5 Bb6 26. Rd1 Qc3 27. Qd2 Qxd2 28. Rxd2 Kf8 29. Bb3 {Petrosian,T 
(2620)-Alekseev,E (2688)/Tashkent 2011/CBM 141 Extra/1/2-1/2}) 15. dxe4 Qe7
$146 ({RR} 15... Ne7 16. Rd1 Qc8 17. Qf3 Nh7 18. Ng4 Ng6 19. Nfe3 Rd8 20. Nf5
Rxd1+ 21. Qxd1 Qd8 22. Qe1 h5 23. Nh2 Nf4 24. Bxf4 exf4 25. Rd1 Qe8 26. Qd2
Bxf5 27. exf5 Qe5 28. Re1 Qd6 29. Qxd6 cxd6 30. Re7 {Alekseev,E (2715)-Caruana,
F (2652)/Khanty-Mansiysk 2009/CBM 134/1/2-1/2 (55)}) (15... Na5 16. Ng3 c5 17.
Nf5 {[%csl Rg6,Rh6]}) (15... b4) 16. Ng3 (16. Ne3 {[%cal Ge3f5,Ge3d5]}) 16...
Rad8 17. a4 $1 b4 18. Qxa6 {[%csl Ga4][%cal Ga4a8]} Rd6 19. Qe2 b3 (19... Red8)
20. Bd3 Red8 21. Bb5 Na5 22. Qf3 Nh7 23. Nf5 $16 Bxf5 24. exf5 e4 {Les Noirs
espèrent exploiter l'avance de développement mais les compensations sont assez
faibles.} 25. Rxe4 Rd1+ 26. Nf1 Qf6 27. Re8+ $1 Nf8 28. Qg4 R8d6 $4 29. Bxh6 {
[%cal Ga1d1]} Rxf1+ (29... Rxa1 30. Bg5 {[%csl Rf6]}) 30. Rxf1 Qxh6 31. Qe4 Bb6
{Dominique PRIMEL} 1-0